Регионална библиотека "Любен Каравелов" - Русе

Математика - 125 Х 2 задачи за VІІ клас (Запис номер 107430)

MARC детайли
000 -Лидер
Контролно поле с фиксирана дължина 01780nam a2200385 c 4500
003 - Код на организацията, давaща контролен номер
Контролно поле BLK
005 - Дата и час на последна редакция
Контролно поле 20250210122611.0
008 - Елементи от данни с фиксирана дължина
fixed length control field 180409b bul|||||r ||||||| ||bul||
010 ## - Наследен системен номер
LC control number KNG00112718000
020 ## - Международен стандартен номер на книга ISBN
Международен стандартен номер на книга ISBN 954-516-406-9
-- издат.: Летера
040 ## - Източник на каталожния запис
Идентификатор на билиотеката - собственик на записа BLK
041 ## - Код за език
Код за езика на текст/звукозапис или на отделно заглавие Български
Код за езика КДБФ Български
080 ## - УДК
Текстов определител УДК Методика на математиката
УДК код - определител по УДК 372.851
УДК определител (075.2)
УДК - код + определител 372.851(075.2)
100 ## - Редна дума - Автор
Автор Рангелова, Пенка Петрова
Дати, свързани с автора 1949 -
Автор - информация (биография) Математик
R(LIN) 364291
139 ## - Редно поле
Редна дума Математика - 125 Х 2 задачи за VІІ клас
Авторски знак Мате - М 39
245 10 - Сведения за заглавието
Заглавие Математика - 125 Х 2 задачи за VІІ клас
Подзаглавни данни Теми в помощ на седмокласника
Редно поле (дума) Пенка Петрова Рангелова; * Константин Петров Бекриев; * Лилия Цонкова Дилкина; * Нина Иванова.
257 ## - Страна на издаване
Страна на създаване/издаване България
260 ## - Област на издателските данни
-- Пловдив
Име на издателя, разпространителя и проч. Летера
Година на издаване 2003
300 ## - Физическа характеристика
Страници 146 с.
Илюстрации и др. с черт.
Размери/Мащаб 23 см
380 ## - Жанр
Жанр Обществени науки
500 ## - Общи забележки
Забележка Други авт. : К. Бекриев, Л. Дилкина, Н. Иванова. - Офс. изд.
650 #4 - Допълнително описание по предмет – тема
Основно описание – тема или топоним Математика - задачи - учебници за основни училища
9 (RLIN) 242716
653 ## - Ключова дума – ненормативна
Ключова дума математика
653 ## - Ключова дума – ненормативна
Ключова дума задачи
653 ## - Ключова дума – ненормативна
Ключова дума учебници за основни училища
700 1# - Други автори (авторска отговорност)
Лично име Бекриев, Константин Петров
Автороска отговорност (Описва отношението между автора и произведението) *
9 (RLIN) 366726
700 1# - Други автори (авторска отговорност)
Лично име Дилкина, Лилия Цонкова
Автороска отговорност (Описва отношението между автора и произведението) *
9 (RLIN) 61531
700 1# - Други автори (авторска отговорност)
Лично име Иванова, Нина
Автороска отговорност (Описва отношението между автора и произведението) *
9 (RLIN) 367116
852 ## - Местоположение
Форматна сигнатура Цб 219275
856 4# - Електронен адрес и достъп
Електронен формат pdf - файл
Път до файла /url/
856 4# - Електронен адрес и достъп
Електронен формат pdf - файл
Път до файла /url/
942 ## - АРТИКУЛИ
Вид на библиотечния материал Книги
Скрит в OPAC Не
944 ## - СЪЗДАВАНЕ И РЕДАКЦИЯ на ЗАПИСА
Създаване/Редакция Създаване
Дата на регистрацията/редакция 29.04.2004
Служител, извършил регистрацията/редакцията 30560
Статус, дата на статуса Геновева Генчева
944 ## - СЪЗДАВАНЕ И РЕДАКЦИЯ на ЗАПИСА
Създаване/Редакция Редакция
Дата на регистрацията/редакция 20.05.2008
Служител, извършил регистрацията/редакцията
999 ## - СИСТЕМНИ КОНТРОЛНИ НОМЕРА
Koha biblionumber 107430
Koha biblioitemnumber 107430
Наличности
Код за отписване Код за изгубен артикул Код за повреда Коз за рестрикции Код за отдаване Артикулен № Име на библиотеката - собственик Име на библиотеката, в която се намира в момента Статус (Текущо местоположение) Дата на вписване в системата Местоположение - отдел Цена в лева Инвентарен номер Систематично азбучна сигнатура Баркод Номер на екземпляра Цена в евро Служебна бележка Служебен тип на артикула Източник на класификационната схема
  Не е изгубен Не е повреден без рестрикции ползва се в читалня 173349 Регионална библиотека "Любен Каравелов" Русе Регионална библиотека "Любен Каравелов" Русе Хранилище 2004-04-29 Хранилище 6.00 120000685029 Цб 219275 120000685029 1 3.07 Дост: Dp Вид: Д N: 25 Дата: 11.06.2003 Книги  
  Не е изгубен Не е повреден без рестрикции заемане за дома 173350 Регионална библиотека "Любен Каравелов" Русе Регионална библиотека "Любен Каравелов" Русе Детски отдел 2008-05-07 Детски отдел 6.00 120000726055 ДН 373.3.016:51/М 39 120000726055 2 3.07 Дост: DA Вид: А N: 10 Дата: 07.05.2008 Дата инв: 21.08.2015 Бележки инв: Д2015 Книги Universal Decimal Classification
Vip Innovations Ltd, Rousse, Bulgaria 2025